| 000 | 00361nam a2200133Ia 4500 | ||
|---|---|---|---|
| 008 | 220217s9999||||xx |||||||||||||| ||und|| | ||
| 020 | _a9788120331341 | ||
| 082 | _a621.8 AMB | ||
| 100 | _aAmbekar, Ashok G | ||
| 245 | 0 | _aMechanism and Machine Theory | |
| 260 |
_aPrentice hall of india _bNew Delhi _c2009 |
||
| 300 |
_axvii;986 _b525 |
||
| 650 | _aMachine | ||
| 999 |
_c181948 _d181948 |
||